• 首页
  • 本馆介绍
  • 公告通知
  • 最新文献
  • 馆藏检索
  • 电子资源
  • 读者导购
  • 参考咨询
  • 我的图书馆
  • 登录
  • 详细信息显示
  • 放入我的书架
  • 预约/预借图书
  • 作者相关作品
  • 分类相关作品
  • 丛书相关作品
  • 出版社相关作品

书目信息

  • 表格格式
  • 工作单格式
  • 卡片格式
题名:
明朝的拐点
    
 
作者: 赵中男 著
分册: 上册  
出版信息: 上海   东方出版中心  2020
页数: 389页
开本: 21cm
丛书名:
单 册:
中图分类: K248.09
科图分类:
主题词: 明代--ming dai--历史--通俗读物
电子资源:
ISBN: 978-7-5473-1607-8
000 00844nam0 2200241 450
001 2145705127
005 20211113123909.41
010    @a978-7-5473-1607-8@dCNY49.00
100    @a20200608d2020 em y0chiy50 ea
101 0  @achi
102    @aCN@b310000
105    @aaf a 000yy
200 1  @a明朝的拐点@Aming chao de guai dian@e永乐皇帝和他的子孙@h上册@f赵中男著
210    @a上海@c东方出版中心@d2020
215    @a389页@c图@d21cm
320    @a有书目
330    @a本书共38个部分,讲述了永乐皇帝和他的子孙的历史,将官场政治、帝王心术、社会风气、道德观念之中的曲折、幽隐、计谋、惊悚、权变一一揭示出来。
517 1  @a永乐皇帝和他的子孙@Ayong le huang di he ta de zi sun
606 0  @a明代@Aming dai@x历史@j通俗读物
690    @aK248.09@v5
701  0 @a赵中男@Azhao zhong nan@4著
801  0 @aCN@bBP@c20200608
905    @aZUCC@dK248.09@e12:1
    
    明朝的拐点:永乐皇帝和他的子孙.上册/赵中男著.-上海:东方出版中心,2020
    389页:图;21cm
    
    
    ISBN 978-7-5473-1607-8:CNY49.00
    本书共38个部分,讲述了永乐皇帝和他的子孙的历史,将官场政治、帝王心术、社会风气、道德观念之中的曲折、幽隐、计谋、惊悚、权变一一揭示出来。
●
相关链接 在五车中查询图书 在当当中查询图书 在豆瓣中查询图书


正题名:明朝的拐点     索取号:K248.09/12:1         预约/预借

序号 登录号 条形码 馆藏地/架位号 状态 备注
1 2000883076   2000883076   第三书库/ [索取号:K248.09/12:1] 在馆    
2 2000883077   2000883077   第三书库/ [索取号:K248.09/12:1] 在馆    
3 2000883078   2000883078   第三书库/ [索取号:K248.09/12:1] 在馆    
山东省滨州职业学院图书馆 欢迎您!
大连网信软件有限公司© 版权所有